Guess the flag - Statistics

General Stats
  • This quiz has been taken 55 times
  • The average score is 12 of 16
Answer Stats
Picture Answer % Correct
Canada
98%
France
98%
Italy
93%
Portugal
93%
Japan
89%
United States
89%
Argentina
85%
Australia
83%
Mexico
83%
Russia
80%
Brasil
76%
Pakistan
72%
Poland
70%
Yemen
52%
Bhutan
37%
Papua New Guinea
24%
No matching quizzes found
Score Distribution
Percent of People with Each Score
Percentile by Number Answered
Your Score History
You have not taken this quiz